00674nam a2200145 4500008001300000020001500013082001800028100002200046245002100068260003900089300003800128505021300166600012300379700002600502709.81 H548b a8589365204 a709.81bH548b aHenkerhoff, Paulo aBeatriz Milhazes aBrasilbBarléu Ediçõesc2007 a264 p.bill (col)c2705 x 26.5 cm tBeatriz Milhazes: Color and voluptétIntroductiontThe 1980´stHidden BodytHistory of the circletColortBodies, the bodytLandscapetMusictSpace-timetBeyond canvastHomo fabertChronologytBibliography xarte contemporáneoxBrasilxarte - pinturaxarte - crítica e interpretaciónxpintura - BrasilxMilhazes, Beatriz aLeal, Carlos (editor)